Normal view
MARC view
- Supervisor Dr. Muazzam A. Khan
Entry Personal Name
001 - CONTROL NUMBER
- control field: 69916
003 - CONTROL NUMBER IDENTIFIER
- control field: NUST
005 - DATE AND TIME OF LATEST TRANSACTION
- control field: 20210628204326.0
008 - FIXED-LENGTH DATA ELEMENTS
- fixed length control field: 210628|| aca||aabn | a|a d
040 ## - CATALOGING SOURCE
- Original cataloging agency: NUST
- Transcribing agency: NUST
100 ## - HEADING--PERSONAL NAME
- Personal name: Supervisor Dr. Muazzam A. Khan
670 ## - SOURCE DATA FOUND
- Source citation: Work cat.: (NUST): Umair Shafiq Khan 69915, TH-SOF-1331-Target Tracking in Wireless Sensor Network, 2016
